[Vysoké školy]

Z obsahu: Odkiaľ má absolvent titul, na Slovensku zatiaľ nerozhoduje. Reagujú školy na dopyt zamestnávateľov - informácie o tom, ktorá škola v SR najlepšie vyhovuje potrebám trhu práce neexistujú. Na kvalitu univerzity sa napokon bude klásť dôraz. Pre právnikov nastávajú ťažšie časy. Mať vysokoškols...

Ausführliche Beschreibung

Gespeichert in:
Bibliographische Detailangaben
1. Verfasser: Kampová, Slávka
Weitere Verfasser: Horníková, Zuzana
Format: Buchkapitel
Sprache:Slowakisch
Schlagworte:
Tags: Tag hinzufügen
Keine Tags, Fügen Sie das erste Tag hinzu!

MARC

LEADER 00000naa$a2200000$$$4500
001 0007202
005 20231009074544.2
041 0 |a slo 
044 |a SK 
245 1 0 |a [Vysoké školy]  |c aut. Slávka Kampová, Zuzana Horníková 
520 |a Z obsahu: Odkiaľ má absolvent titul, na Slovensku zatiaľ nerozhoduje. Reagujú školy na dopyt zamestnávateľov - informácie o tom, ktorá škola v SR najlepšie vyhovuje potrebám trhu práce neexistujú. Na kvalitu univerzity sa napokon bude klásť dôraz. Pre právnikov nastávajú ťažšie časy. Mať vysokoškolské vzdelanie sa oplatí. Pokrač. 
610 2 0 |a školy vysoké 
610 2 0 |a vzdelanie vysokoškolské 
610 2 0 |a zamestnávatelia 
610 2 0 |a absolventi 
610 2 0 |a trh práce 
610 2 0 |a kvalita 
100 1 |a Kampová, Slávka 
700 1 |a Horníková, Zuzana